| 000 | 02191cam a22005534a 4500 | ||
|---|---|---|---|
| 001 | muse33840 | ||
| 003 | MdBmJHUP | ||
| 005 | 20210127151054.0 | ||
| 006 | m o d | ||
| 007 | cr||||||||nn|n | ||
| 008 | 060810s2007 ohu o 00 0 eng d | ||
| 010 | _z 2006026529 | ||
| 020 | _a9780814272305 | ||
| 020 | _a0814272304 | ||
| 020 | _z9780814210475 (alk. paper) | ||
| 020 | _z0814210473 (alk. paper) | ||
| 035 | _a(OCoLC)1229137955 | ||
| 040 |
_aMdBmJHUP _cMdBmJHUP |
||
| 043 |
_ae-uk-st _ae-uk-en |
||
| 050 | 0 | 4 |
_aPR8552 _b.M36 2007 |
| 082 | 0 |
_a820.9/32411 _222 |
|
| 100 | 1 | _aMcNeil, Kenneth. | |
| 245 | 1 | 0 |
_aScotland, Britain, Empire _bWriting the Highlands, 1760-1860 / _cKenneth McNeil. |
| 264 | 1 | _bOhio State University Press, | |
| 264 | 3 | _bProject MUSE, | |
| 300 | _a1 online resource (viii, 228 p.) | ||
| 500 | _aThis work examines representation of the Scottish Highlands in the Romantic and early Victorian periods, the call for preserving the Scottish national identity while being part of the British union. | ||
| 504 | _aIncludes bibliographical references (p. 209-221) and index. | ||
| 506 | 0 |
_aOpen Access _fUnrestricted online access _2star |
|
| 588 | _aDescription based on print version record. | ||
| 650 | 0 | _aImperialism in literature. | |
| 650 | 0 | _aNationalism in literature. | |
| 650 | 0 | _aCivilization, Celtic, in literature. | |
| 650 | 0 | _aEthnology in literature. | |
| 650 | 0 | _aNational characteristics, Scottish, in literature. | |
| 650 | 0 |
_aScottish literature _y19th century _xHistory and criticism. |
|
| 650 | 0 |
_aEnglish literature _xScottish authors _xHistory and criticism. |
|
| 651 | 0 |
_aScotland _xCivilization _xHistoriography. |
|
| 651 | 0 |
_aScotland _xRelations _zEngland. |
|
| 651 | 0 |
_aHighlands (Scotland) _xIn literature. |
|
| 655 | 7 |
_aElectronic books. _2local |
|
| 710 | 2 |
_aProject Muse. _edistributor |
|
| 830 | 0 | _aBook collections on Project MUSE. | |
| 856 | 4 | 0 |
_zFull text available: _uhttps://muse.jhu.edu/book/28037/ |
| 999 |
_c24496 _d24496 |
||